[Event "Wch-U18"]
[Site "Mamaia ROM"]
[Date "2022.09.16"]
[Round "11.1"]
[White "Rodrigue-Lemieux, Shawn"]
[Black "Fromm, Marius"]
[Result "1/2-1/2"]
[WhiteElo "2451"]
[BlackElo "2408"]
[PlyCount "61"]
[EventDate "2022.09.06"]
[EventType "swiss"]
[EventRounds "11"]
[EventCountry "ROM"]
[Source "ChessMix"]
[SourceDate "2022.09.20"]

1. e4 {[%emt 0:00:01]} c5 {[%emt 0:00:12]} 2. Nf3 {[%emt 0:00:06]} d6 {
[%emt 0:00:08]} 3. Bb5+ {[%emt 0:00:07]} Nd7 {[%emt 0:05:42]} 4. d4 {
[%emt 0:00:20]} cxd4 {[%emt 0:00:10]} 5. Qxd4 {[%emt 0:00:08]} a6 {
[%emt 0:01:51]} 6. Bxd7+ {[%emt 0:00:07]} Bxd7 {[%emt 0:00:05]} 7. c4 {
[%emt 0:00:18]} e5 {[%emt 0:04:42]} 8. Qd3 {[%emt 0:00:05]} h6 {[%emt 0:01:50]}
9. Nc3 {[%emt 0:00:25]} Nf6 {[%emt 0:00:21]} 10. O-O {[%emt 0:00:25]} Be7 {
[%emt 0:02:12]} 11. b3 {[%emt 0:01:42]} O-O {[%emt 0:03:53]} 12. a4 {
[%emt 0:01:59]} b5 {[%emt 0:10:33]} 13. cxb5 {[%emt 0:25:07]} axb5 {
[%emt 0:00:07]} 14. Nxb5 {[%emt 0:00:14]} Nxe4 {[%emt 0:08:37]} 15. Qxe4 {
[%emt 0:01:57]} Bxb5 {[%emt 0:00:02]} 16. Rd1 {[%emt 0:00:07]} Qb6 {
[%emt 0:09:31]} 17. Be3 {[%emt 0:08:18]} Qa6 {[%emt 0:02:53]} 18. Nd4 {
[%emt 0:06:12]} Bd7 {[%emt 0:14:42]} 19. Nf5 {[%emt 0:00:09]} Bxf5 20. Qxf5 Qb7
{[%emt 0:01:48]} 21. Rab1 {[%emt 0:05:49]} Rfb8 {[%emt 0:02:00]} 22. h3 {
[%emt 0:02:23]} g6 {[%emt 0:04:12]} 23. Qc2 {[%emt 0:02:38]} Bg5 {
[%emt 0:06:06]} 24. Bxg5 {[%emt 0:00:14]} hxg5 {[%emt 0:00:02]} 25. Rxd6 {
[%emt 0:02:26]} Rxa4 {[%emt 0:00:50]} 26. bxa4 {[%emt 0:01:14]} Qxb1+ {
[%emt 0:00:04]} 27. Qxb1 {[%emt 0:00:08]} Rxb1+ {[%emt 0:00:03]} 28. Kh2 {
[%emt 0:00:02]} Ra1 {[%emt 0:00:20]} 29. Ra6 {[%emt 0:00:12]} Ra2 {
[%emt 0:01:28]} 30. f3 {[%emt 0:00:28]} Ra1 {[%emt 0:00:37]} 31. a5 {
[%emt 0:00:04]} 1/2-1/2

[Event "Charlotte Summer IM-B"]
[Site "Charlotte USA"]
[Date "2022.07.25"]
[Round "1.2"]
[White "Rodrigue-Lemieux, Shawn"]
[Black "Wen, Tommy"]
[Result "1-0"]
[WhiteElo "2366"]
[BlackElo "2040"]
[PlyCount "95"]
[EventDate "2022.07.24"]
[EventType "tourn"]
[EventRounds "9"]
[EventCountry "USA"]
[Source "ChessMix"]
[SourceDate "2022.08.01"]

1. c4 c6 2. Nf3 Nf6 3. g3 d5 4. Bg2 dxc4 5. O-O Nbd7 6. Na3 Nb6 7. Qc2 Be6 8.
Ng5 Bg4 9. f3 Bh5 10. Nxc4 Qd4+ 11. Ne3 e6 12. Kh1 Qc5 13. Nh3 Nfd5 14. Qxc5
Bxc5 15. Nc2 Nb4 16. Nxb4 Bxb4 17. d4 Rd8 18. Be3 Nc4 19. Bf2 Nxb2 20. Rfc1 Bg6
21. Nf4 Na4 22. Nxg6 hxg6 23. Rc4 a5 24. a3 Nb6 25. Rc2 Bd6 26. Rb1 Nd5 27.
Rxb7 Bxa3 28. Rxc6 O-O 29. Ra6 Rb8 30. Rxb8 Rxb8 31. Bf1 Rb1 32. Kg2 Bc1 33.
Rxa5 Ne3+ 34. Bxe3 Bxe3 35. d5 exd5 36. Rxd5 g5 37. Rd3 Bb6 38. Rd7 Be3 39.
Rd8+ Kh7 40. Rd3 Bc5 41. Rd7 f5 42. Rd5 Be3 43. Rxf5 Kg6 44. Re5 Bd4 45. Re6+
Kf7 46. Re4 Bb6 47. e3 Kf8 48. Re6 1-0

[Event "Charlotte Summer IM-B"]
[Site "Charlotte USA"]
[Date "2022.07.25"]
[Round "2.5"]
[White "Venkat, Raghav"]
[Black "Rodrigue-Lemieux, Shawn"]
[Result "0-1"]
[WhiteElo "2227"]
[BlackElo "2366"]
[PlyCount "76"]
[EventDate "2022.07.24"]
[EventType "tourn"]
[EventRounds "9"]
[EventCountry "USA"]
[Source "ChessMix"]
[SourceDate "2022.08.01"]

1. e4 c6 2. d4 d5 3. exd5 cxd5 4. c4 Nf6 5. Nc3 e6 6. Nf3 Bb4 7. cxd5 Nxd5 8.
Bd2 Nc6 9. Bb5 O-O 10. Bxc6 bxc6 11. O-O Nxc3 12. Bxc3 Bxc3 13. bxc3 Qa5 14.
Ne5 c5 15. Qf3 Ba6 16. Rfd1 cxd4 17. cxd4 Rac8 18. h3 Rc2 19. Rdc1 Rxc1+ 20.
Rxc1 Qxa2 21. Qf4 Bb5 22. Rc7 Be8 23. Nc4 Qb1+ 24. Kh2 Qb8 25. Qd6 Bb5 26. Ne5
Rc8 27. Rxc8+ Qxc8 28. Qe7 f6 29. Ng4 a5 30. Ne3 Bc6 31. Qc5 a4 32. Kg1 Qa8 33.
Qa3 Bd5 34. Kf1 Bb3 35. Ke2 Qf8 36. Qc1 a3 37. Nf1 a2 38. Nd2 Bd5 0-1

[Event "Charlotte Summer IM-B"]
[Site "Charlotte USA"]
[Date "2022.07.26"]
[Round "3.1"]
[White "Rodrigue-Lemieux, Shawn"]
[Black "Huston, Gus"]
[Result "1-0"]
[WhiteElo "2366"]
[BlackElo "2282"]
[PlyCount "129"]
[EventDate "2022.07.24"]
[EventType "tourn"]
[EventRounds "9"]
[EventCountry "USA"]
[Source "ChessMix"]
[SourceDate "2022.08.01"]

1. c4 e6 2. g3 d5 3. Bg2 Nf6 4. Nf3 Be7 5. O-O O-O 6. b3 d4 7. Bb2 c5 8. e3 Nc6
9. exd4 cxd4 10. Re1 Re8 11. Ne5 Nxe5 12. Rxe5 Nd7 13. Re1 e5 14. d3 Bb4 15.
Re2 Bf8 16. Qe1 Qb6 17. Nd2 Nc5 18. Rxe5 Rxe5 19. Qxe5 Nxd3 20. Qxd4 Nxb2 21.
Qxb2 Bc5 22. Rf1 Bf5 23. Ne4 Bd4 24. Qd2 Rd8 25. Nc3 Qa5 26. Rd1 Bb6 27. Qe2
Be6 28. Nd5 Bc5 29. Be4 Re8 30. Qc2 h6 31. Kg2 Bc8 32. a4 Bg4 33. Bf3 Bc8 34.
h3 Qd8 35. b4 Bf8 36. c5 Qg5 37. Nf4 Qf6 38. Bd5 Re5 39. Qc4 Qf5 40. Bf3 Qg5
41. Rd5 Rxd5 42. Bxd5 Qf5 43. Be4 Qd7 44. b5 g5 45. c6 bxc6 46. bxc6 Qd6 47.
Nd5 Qe5 48. Ne3 Kg7 49. Bd5 f5 50. Bf3 Bd6 51. Qd3 Bc7 52. Nd5 Bd6 53. Nc3 a6
54. Nd5 Bc5 55. Qc4 Ba7 56. c7 Qb2 57. Qe2 Qxe2 58. Bxe2 Bb7 59. Bf3 g4 60.
hxg4 fxg4 61. Be4 Bc5 62. Kg1 Kf7 63. Ne7 Bd6 64. Bxb7 Bxc7 65. Nd5 1-0

[Event "Charlotte Summer IM-B"]
[Site "Charlotte USA"]
[Date "2022.07.26"]
[Round "4.5"]
[White "Rodrigue-Lemieux, Shawn"]
[Black "Luo, Terry"]
[Result "1-0"]
[WhiteElo "2366"]
[BlackElo "2204"]
[PlyCount "105"]
[EventDate "2022.07.24"]
[EventType "tourn"]
[EventRounds "9"]
[EventCountry "USA"]
[Source "ChessMix"]
[SourceDate "2022.08.01"]

1. e4 c5 2. Nf3 d6 3. d4 cxd4 4. Qxd4 a6 5. c4 Nc6 6. Qe3 Nf6 7. h3 g6 8. Be2
Bg7 9. Nc3 O-O 10. O-O Nd7 11. Rb1 Nde5 12. Rd1 Nxf3+ 13. Bxf3 Qa5 14. Bd2 Qc5
15. Na4 Qxe3 16. Bxe3 b5 17. e5 Nxe5 18. Bxa8 bxa4 19. Be4 f5 20. Bc2 Nxc4 21.
Bd4 e5 22. Bc3 Bd7 23. Bd3 Bb5 24. Bxc4+ Bxc4 25. Rxd6 Bxa2 26. Re1 e4 27. Rxa6
Bb3 28. f3 Bxc3 29. bxc3 exf3 30. gxf3 Kg7 31. Re7+ Kh6 32. f4 Rh8 33. Raa7 g5
34. Kf2 gxf4 35. Kf3 Kg5 36. Rg7+ Kf6 37. Rxh7 Rc8 38. Rhc7 Rh8 39. Ra6+ Ke5
40. Rc5+ Bd5+ 41. Kf2 Rxh3 42. c4 Rh2+ 43. Ke1 Rh1+ 44. Kd2 Rh2+ 45. Kc3 Rh3+
46. Kb4 f3 47. Rxd5+ Kf4 48. Raa5 Rh5 49. Rxa4 f2 50. Ra1 Kg3 51. c5 Kg2 52. c6
Rh4+ 53. Kb5 1-0

[Event "Charlotte Summer IM-B"]
[Site "Charlotte USA"]
[Date "2022.07.27"]
[Round "5.2"]
[White "Xie, Bryan"]
[Black "Rodrigue-Lemieux, Shawn"]
[Result "0-1"]
[WhiteElo "2191"]
[BlackElo "2366"]
[PlyCount "42"]
[EventDate "2022.07.24"]
[EventType "tourn"]
[EventRounds "9"]
[EventCountry "USA"]
[Source "ChessMix"]
[SourceDate "2022.08.01"]

1. e4 c6 2. d4 d5 3. Nc3 dxe4 4. Nxe4 Nf6 5. Nxf6+ exf6 6. c3 Bf5 7. Bf4 Bd6 8.
Bxd6 Qxd6 9. Bd3 Bxd3 10. Qxd3 O-O 11. O-O-O Qd5 12. Nf3 Qxa2 13. Rhe1 Nd7 14.
Re7 Qd5 15. c4 Qd6 16. Rde1 Ne5 17. R1xe5 fxe5 18. Rxb7 exd4 19. Qxd4 Qh6+ 20.
Kb1 Qg6+ 21. Ka2 c5 0-1

[Event "Charlotte Summer IM-B"]
[Site "Charlotte USA"]
[Date "2022.07.27"]
[Round "6.4"]
[White "Rodrigue-Lemieux, Shawn"]
[Black "Adewumi, Tanitoluwa"]
[Result "1-0"]
[WhiteElo "2366"]
[BlackElo "2309"]
[PlyCount "85"]
[EventDate "2022.07.24"]
[EventType "tourn"]
[EventRounds "9"]
[EventCountry "USA"]
[Source "ChessMix"]
[SourceDate "2022.08.01"]

1. c4 e5 2. g3 Nc6 3. Bg2 g6 4. Nc3 Bg7 5. e4 d6 6. Nge2 Nf6 7. O-O O-O 8. d3
Re8 9. Rb1 a5 10. b3 Bd7 11. h3 h5 12. Be3 Nh7 13. d4 exd4 14. Nxd4 Ng5 15. h4
Ne6 16. Nxc6 bxc6 17. Rc1 c5 18. Ne2 a4 19. Bd2 axb3 20. axb3 Bc6 21. Bc3 Bxc3
22. Rxc3 Nf8 23. Re3 Nd7 24. Nc3 Qf6 25. e5 dxe5 26. Nd5 Qd8 27. Rd3 Ra6 28.
Re1 Qb8 29. Nxc7 Qxc7 30. Bxc6 Qxc6 31. Rxd7 Rb6 32. Rd5 e4 33. Qc2 Kh7 34.
Rxe4 Kg8 35. Rxe8+ Qxe8 36. Rxc5 Qe1+ 37. Kg2 Ra6 38. Rc8+ Kh7 39. Qb2 f6 40.
Qd4 Qe7 41. Qd8 Qb7+ 42. Kh2 g5 43. Rc7+ 1-0

[Event "Charlotte Summer IM-B"]
[Site "Charlotte USA"]
[Date "2022.07.28"]
[Round "7.3"]
[White "Girones Barrios, Yans Richard"]
[Black "Rodrigue-Lemieux, Shawn"]
[Result "0-1"]
[WhiteElo "2412"]
[BlackElo "2366"]
[PlyCount "58"]
[EventDate "2022.07.24"]
[EventType "tourn"]
[EventRounds "9"]
[EventCountry "USA"]
[Source "ChessMix"]
[SourceDate "2022.08.01"]

1. d4 Nf6 2. c4 e6 3. Nf3 d5 4. Nc3 Bb4 5. e3 O-O 6. Bd3 c5 7. O-O cxd4 8. exd4
dxc4 9. Bxc4 b6 10. Qe2 Bb7 11. Bg5 Bxc3 12. bxc3 Nc6 13. Rad1 Ne7 14. Ne5 Ne4
15. Bh4 Nxc3 16. Qg4 Qd6 17. Rd3 Ncd5 18. Rh3 Nf5 19. Bd3 f6 20. Nc4 Qf4 21.
Qe2 Nxh4 22. Bxh7+ Kxh7 23. g3 Nc3 24. Qd3+ Qf5 25. Rxh4+ Kg8 26. Qxc3 g5 27.
Rh5 Qf3 28. Qxf3 Bxf3 29. Rh3 Bg4 0-1

[Event "Charlotte Summer IM-B"]
[Site "Charlotte USA"]
[Date "2022.07.28"]
[Round "8.3"]
[White "Rodrigue-Lemieux, Shawn"]
[Black "Arjun, Vishnuvardhan"]
[Result "1-0"]
[WhiteElo "2366"]
[BlackElo "2273"]
[PlyCount "127"]
[EventDate "2022.07.24"]
[EventType "tourn"]
[EventRounds "9"]
[EventCountry "USA"]
[Source "ChessMix"]
[SourceDate "2022.08.01"]

1. c4 g6 2. g3 Bg7 3. Bg2 Nf6 4. Nc3 O-O 5. e4 d6 6. Nge2 c6 7. O-O Nbd7 8. d3
a6 9. h3 b5 10. Be3 Rb8 11. b3 c5 12. Qd2 e6 13. Rad1 Qa5 14. g4 Bb7 15. f4
Rfe8 16. Rf2 Qb4 17. Qc1 Qa5 18. Qd2 Qb4 19. Qc2 Qa5 20. Rdf1 d5 21. e5 d4 22.
Nxd4 Bxg2 23. Kxg2 cxd4 24. Bxd4 Red8 25. exf6 Bxf6 26. Bxf6 Nxf6 27. Rf3 h5
28. f5 gxf5 29. gxf5 e5 30. Qd2 Kh7 31. Ne4 Qxd2+ 32. Nxd2 Rd4 33. Re1 Rbd8 34.
cxb5 Rxd3 35. Rxd3 Rxd3 36. Nf3 axb5 37. Rxe5 Nd5 38. h4 Kg7 39. Kf2 Kf6 40.
Re4 Nc3 41. Rb4 Rd5 42. a3 Rxf5 43. Rd4 Nb1 44. a4 bxa4 45. bxa4 Ra5 46. Rc4
Na3 47. Rf4+ Rf5 48. Ke3 Nc2+ 49. Ke4 Rxf4+ 50. Kxf4 Nb4 51. a5 Na6 52. Ke4 Nb4
53. Nd4 Ke7 54. Ke5 f6+ 55. Kf5 Kd6 56. Kxf6 Kc5 57. Nf5 Nc6 58. Ng7 Nxa5 59.
Nxh5 Kd6 60. Ng7 Nc4 61. Nf5+ Kd5 62. h5 Ne5 63. Ne3+ Ke4 64. h6 1-0

[Event "Charlotte Summer IM-B"]
[Site "Charlotte USA"]
[Date "2022.07.29"]
[Round "9.4"]
[White "Rodriguez Rivera, Pedro"]
[Black "Rodrigue-Lemieux, Shawn"]
[Result "0-1"]
[WhiteElo "2192"]
[BlackElo "2366"]
[PlyCount "109"]
[EventDate "2022.07.24"]
[EventType "tourn"]
[EventRounds "9"]
[EventCountry "USA"]
[Source "ChessMix"]
[SourceDate "2022.08.01"]

1. d4 d5 2. Nf3 c5 3. e3 cxd4 4. exd4 Nc6 5. c3 Nf6 6. Bd3 Qc7 7. h3 g6 8. O-O
Bg7 9. Re1 O-O 10. Na3 a6 11. Nc2 b5 12. a4 Rb8 13. axb5 axb5 14. Ne5 Nxe5 15.
dxe5 Nd7 16. f4 Nc5 17. Nb4 Rd8 18. Be3 Nxd3 19. Qxd3 Bf5 20. Qd4 Rb7 21. Ra6
Be4 22. Rc6 Qd7 23. Ra1 h5 24. Rb6 Rc7 25. Qd2 Rdc8 26. Ra5 Qf5 27. Rbxb5 e6
28. Na6 Rc6 29. Nc5 g5 30. Nxe4 Qxe4 31. Rb4 Rc4 32. Raa4 gxf4 33. Bxf4 Bxe5
34. Rxc4 dxc4 35. Bxe5 Qxe5 36. Ra1 Qc5+ 37. Kh1 Qf5 38. Rd1 Rc5 39. Qe3 Kh7
40. Kg1 Re5 41. Qa7 Re4 42. Qf2 Rf4 43. Qe3 e5 44. Re1 f6 45. Qa7+ Kg6 46. Qa8
Qe6 47. Qa7 h4 48. Qe3 Qf5 49. Rd1 Qc2 50. Qd2 Qxd2 51. Rxd2 Kf5 52. Kh2 Ke4
53. g3 Ke3 54. Rc2 Rf2+ 55. Rxf2 0-1

[Event "Titled Tuesday 2022.06.07 Early"]
[Site "chess.com INT"]
[Date "2022.06.07"]
[Round "5"]
[White "Sargsyan, Anna M."]
[Black "Rodrigue-Lemieux, Shawn"]
[Result "0-1"]
[WhiteElo "2378"]
[BlackElo "2366"]
[PlyCount "122"]
[EventDate "2022.06.07"]
[EventType "swiss (blitz)"]
[EventRounds "11"]
[EventCountry "NET"]
[Source "Mark Crowther"]
[SourceDate "2022.06.13"]

1. d4 Nf6 2. c4 e6 3. Nf3 d5 4. Nc3 Bb4 5. Bg5 h6 6. Bh4 dxc4 7. e3 b5 8. Ne5
Bb7 9. Be2 Nbd7 10. O-O Nxe5 11. dxe5 Qxd1 12. Raxd1 Bxc3 13. bxc3 Nd5 14. Bf3
g5 15. Bg3 O-O-O 16. Bxd5 Bxd5 17. f3 Bc6 18. e4 a5 19. Kf2 Kb7 20. Ke2 Ra8 21.
Bf2 Ra6 22. h4 Rg8 23. hxg5 Rxg5 24. g4 Rxe5 25. Rh1 b4 26. Rxh6 b3 27. Rh7 Ba4
28. Rb1 Rb5 29. Rb2 bxa2 30. Rxa2 Bb3 31. Ra3 f5 32. Bg3 Rc6 33. e5 Bc2 34. Rf7
fxg4 35. fxg4 a4 36. g5 Rb1 37. Bf2 Ra6 38. Rf6 Rb3 39. Bc5 Ra5 40. g6 Rxc5 41.
g7 Rxe5+ 42. Kd2 Rg5 43. Rxa4 Rg2+ 44. Ke3 Rxc3+ 45. Kd4 Bxa4 46. Kxc3 Rxg7 47.
Rxe6 Rg3+ 48. Kb4 Bc6 49. Kxc4 Rg4+ 50. Kc5 Rg5+ 51. Kb4 Kb6 52. Rh6 Rg4+ 53.
Kc3 Kc5 54. Rh5+ Bd5 55. Rh8 c6 56. Rb8 Rg3+ 57. Kc2 Kd4 58. Rb4+ Bc4 59. Rb6
Rg2+ 60. Kc1 Kc3 61. Kd1 Rg1# 0-1

[Event "Francophonie-Tch rapid Online"]
[Site "Tornelo"]
[Date "2022.06.04"]
[Round "1.1"]
[White "Guillemette, Hugo"]
[Black "Rodrigue-Lemieux, Shawn"]
[Result "0-1"]
[WhiteElo "1787"]
[BlackElo "2366"]
[PlyCount "70"]
[EventDate "2022.06.04"]
[EventType "team"]
[EventRounds "11"]
[EventCountry "NET"]
[WhiteTeam "Kanada"]
[BlackTeam "Kanada"]
[WhiteTeamCountry "CAN"]
[BlackTeamCountry "CAN"]

1. e4 c6 2. d4 d5 3. e5 Bf5 4. h4 h5 5. Bd3 Bxd3 6. Qxd3 e6 7. Bg5 Be7 8. Nf3
Nh6 9. Nbd2 Nf5 10. g3 Nd7 11. c4 O-O 12. O-O Bxg5 13. Nxg5 dxc4 14. Nxc4 Nb6
15. Nd6 g6 16. Nge4 Nxd6 17. Nxd6 Qe7 18. b4 a6 19. a4 Nd5 20. b5 cxb5 21. axb5
a5 22. Rfc1 Rfd8 23. Qc4 Kg7 24. Qc5 b6 25. Qc6 Rab8 26. Rc4 Rd7 27. Rac1 Rbd8
28. Nc8 Qa3 29. Nxb6 Rc7 30. Qxc7 Nxc7 31. Rxc7 Rxd4 32. Nc8 g5 33. Nd6 Kg6 34.
Rxf7 Qxc1+ 35. Kg2 Rxd6 0-1

[Event "Francophonie-Tch rapid Online"]
[Site "Tornelo"]
[Date "2022.06.04"]
[Round "2.1"]
[White "Rodrigue-Lemieux, Shawn"]
[Black "Sustov, Savva"]
[Result "1-0"]
[WhiteElo "2366"]
[BlackElo "1912"]
[PlyCount "93"]
[EventDate "2022.06.04"]
[EventType "team"]
[EventRounds "11"]
[EventCountry "NET"]
[WhiteTeam "Kanada"]
[BlackTeam "Moldowa"]
[WhiteTeamCountry "CAN"]
[BlackTeamCountry "MDA"]

1. c4 c5 2. g3 Nc6 3. Bg2 g6 4. Nc3 Bg7 5. Nf3 e6 6. O-O Nge7 7. d4 cxd4 8. Nb5
d5 9. cxd5 exd5 10. Nbxd4 O-O 11. Be3 Re8 12. Rc1 Nf5 13. Nxf5 Bxf5 14. Qd2 d4
15. Bg5 f6 16. Bh6 Bxh6 17. Qxh6 Rxe2 18. Nh4 Qd7 19. Nxf5 Qxf5 20. Bxc6 bxc6
21. Rxc6 Qg5 22. Qh3 Qe5 23. Qd7 Re8 24. Rc7 Re7 25. Qd8+ Re8 26. Qd7 Re7 27.
Qc8+ Kg7 28. Rd7 Re1 29. Qb7 Rxf1+ 30. Kxf1 Kf7 31. Rxe7+ Qxe7 32. Qxe7+ Kxe7
33. Ke2 Kd6 34. Kd3 Kc5 35. a3 a5 36. b3 f5 37. f4 h6 38. h4 h5 39. b4+ axb4
40. axb4+ Kxb4 41. Kxd4 Kb3 42. Ke5 Kc3 43. Kf6 Kd3 44. Kxg6 Ke3 45. Kxf5 Kf3
46. Kg5 Kxg3 47. f5 1-0

[Event "Francophonie-Tch rapid Online"]
[Site "Tornelo"]
[Date "2022.06.04"]
[Round "3.1"]
[White "Doknjas, John"]
[Black "Rodrigue-Lemieux, Shawn"]
[Result "1-0"]
[WhiteElo "2229"]
[BlackElo "2366"]
[PlyCount "103"]
[EventDate "2022.06.04"]
[EventType "team"]
[EventRounds "11"]
[EventCountry "NET"]
[WhiteTeam "Kanada"]
[BlackTeam "Kanada"]
[WhiteTeamCountry "CAN"]
[BlackTeamCountry "CAN"]

1. d4 Nf6 2. c4 e6 3. Nc3 Bb4 4. e3 O-O 5. Bd3 d5 6. Nge2 dxc4 7. Bxc4 c5 8. a3
Bxc3+ 9. bxc3 Qc7 10. Ba2 Rd8 11. O-O b6 12. Bb2 e5 13. Re1 Bb7 14. f3 e4 15.
Ng3 exf3 16. gxf3 Nc6 17. e4 Qf4 18. Bc1 Qh4 19. Nf5 Qh5 20. Bf4 cxd4 21. cxd4
g6 22. Nh6+ Kg7 23. Nxf7 Rxd4 24. Qb3 h6 25. Bxh6+ Kh7 26. Be3 Rd7 27. Qe6 Rf8
28. Qxf6 Rdxf7 29. Bxf7 Ne5 30. Bxg6+ Nxg6 31. Qg5 Qxg5+ 32. Bxg5 Ne5 33. f4
Nf3+ 34. Kg2 Nxe1+ 35. Rxe1 Kg6 36. h4 Re8 37. f5+ Kh5 38. Kf3 b5 39. Kf4 a5
40. e5 b4 41. axb4 axb4 42. Rb1 Bc8 43. Rxb4 Rf8 44. f6 Rd8 45. Rc4 Be6 46. Rc6
Bf7 47. e6 Bg6 48. Ke5 Rd1 49. f7 Re1+ 50. Kf6 Rf1+ 51. Kg7 Be4 52. Rd6 1-0

[Event "Francophonie-Tch rapid Online"]
[Site "Tornelo"]
[Date "2022.06.04"]
[Round "4.1"]
[White "Rodrigue-Lemieux, Shawn"]
[Black "Ezat, Mohamed Mahmoud"]
[Result "1-0"]
[WhiteElo "2366"]
[BlackElo "2389"]
[PlyCount "139"]
[EventDate "2022.06.04"]
[EventType "team"]
[EventRounds "11"]
[EventCountry "NET"]
[WhiteTeam "Kanada"]
[BlackTeam "Ägypten"]
[WhiteTeamCountry "CAN"]
[BlackTeamCountry "EGY"]

1. c4 Nf6 2. g3 g6 3. Bg2 Bg7 4. Nc3 O-O 5. e4 d6 6. Nge2 c5 7. O-O Nc6 8. d3
a6 9. h3 Rb8 10. a4 Ne8 11. Be3 Nc7 12. d4 cxd4 13. Nxd4 Ne6 14. Nde2 Bd7 15.
b3 Na5 16. Rb1 b5 17. cxb5 axb5 18. Nd5 bxa4 19. bxa4 Rxb1 20. Qxb1 Nc4 21. Bc1
Nc5 22. Qa2 Nb6 23. Nxb6 Qxb6 24. a5 Qa6 25. Nf4 e6 26. Be3 Bc6 27. Rc1 Qa8 28.
Bxc5 dxc5 29. Rxc5 Bxe4 30. Bxe4 Qxe4 31. a6 Bd4 32. Rc4 Rb8 33. Kh2 e5 34. a7
Ra8 35. Rc7 Qf5 36. Nd5 Kg7 37. Ne7 Qf3 38. g4 Bxf2 39. Nf5+ Kh8 40. Qxf7 Qf4+
41. Kg2 Qe4+ 42. Kxf2 Qf4+ 43. Ke2 Qh2+ 44. Kf3 Qf4+ 45. Kg2 Qe4+ 46. Kg3 Qe1+
47. Kf3 Qf1+ 48. Ke3 Qf4+ 49. Ke2 Qh2+ 50. Kd3 Rd8+ 51. Rd7 e4+ 52. Kxe4 Qc2+
53. Kf4 Qc1+ 54. Ne3 g5+ 55. Kf3 Qc6+ 56. Rd5 Re8 57. Qf5 Qh6 58. Kg2 Qc6 59.
Qf3 h6 60. Re5 Qxf3+ 61. Kxf3 Ra8 62. Re7 h5 63. gxh5 g4+ 64. hxg4 Rf8+ 65. Nf5
Ra8 66. Kf4 Kg8 67. Rb7 Kh8 68. g5 Kg8 69. Rb8+ Kh7 70. g6# 1-0

[Event "Francophonie-Tch rapid Online"]
[Site "Tornelo"]
[Date "2022.06.04"]
[Round "5.1"]
[White "Boudriga, Mohamed Ali"]
[Black "Rodrigue-Lemieux, Shawn"]
[Result "0-1"]
[WhiteElo "2308"]
[BlackElo "2366"]
[PlyCount "78"]
[EventDate "2022.06.04"]
[EventType "team"]
[EventRounds "11"]
[EventCountry "NET"]
[WhiteTeam "Tunesien"]
[BlackTeam "Kanada"]
[WhiteTeamCountry "TUN"]
[BlackTeamCountry "CAN"]

1. d4 Nf6 2. c4 e6 3. Nc3 Bb4 4. e3 O-O 5. Nge2 c6 6. a3 Ba5 7. b4 Bc7 8. e4 d5
9. e5 Nfd7 10. cxd5 cxd5 11. Nf4 Nc6 12. Bb5 a5 13. Rb1 axb4 14. axb4 Qe7 15.
O-O Nxb4 16. Qg4 Nc6 17. Nce2 f5 18. Qg3 Nb6 19. h4 Nc4 20. h5 Ra5 21. h6 Rf7
22. Nh5 g6 23. Bxc6 bxc6 24. Bg5 Qf8 25. Nef4 Nd2 26. Nxg6 Nxf1 27. Rxf1 hxg6
28. Bd2 Kh7 29. Nf4 Qxh6 30. Nxe6 Qxd2 31. Ng5+ Kg7 32. Nxf7 Qxd4 33. Qg5 Bxe5
34. Qe7 Bf6 35. Qe8 Ra1 36. Rxa1 Qxa1+ 37. Kh2 Qa7 38. Nh8 Qe7 39. Qxc8 Qd8 0-1

[Event "Francophonie-Tch rapid Online"]
[Site "Tornelo"]
[Date "2022.06.04"]
[Round "6.1"]
[White "Rodrigue-Lemieux, Shawn"]
[Black "Van Hoolandt, Patrick"]
[Result "1-0"]
[WhiteElo "2366"]
[BlackElo "2044"]
[PlyCount "61"]
[EventDate "2022.06.04"]
[EventType "team"]
[EventRounds "11"]
[EventCountry "NET"]
[WhiteTeam "Kanada"]
[BlackTeam "Monaco"]
[WhiteTeamCountry "CAN"]
[BlackTeamCountry "MNC"]

1. c4 e5 2. g3 Nf6 3. Bg2 d5 4. cxd5 Nxd5 5. Nf3 Nc6 6. O-O Nb6 7. b3 Be7 8.
Bb2 f6 9. Na3 O-O 10. Nc2 e4 11. Nfe1 Bf5 12. Ne3 Bg6 13. d3 exd3 14. Nxd3 Rb8
15. Rc1 Bd6 16. Nc5 Bxc5 17. Rxc5 Nd7 18. Rd5 Be8 19. Bh3 Rf7 20. Be6 Qe7 21.
Bxf7+ Qxf7 22. Qd2 Nb6 23. Rd3 Qh5 24. Nd5 Nxd5 25. Rxd5 Qh3 26. Rd1 h5 27. Qf4
Bf7 28. Rd7 Be6 29. Rxg7+ Kxg7 30. Qxf6+ Kh7 31. Qg7# 1-0

[Event "Francophonie-Tch rapid Online"]
[Site "Tornelo"]
[Date "2022.06.04"]
[Round "7.1"]
[White "Xhembulla, Aleksander"]
[Black "Rodrigue-Lemieux, Shawn"]
[Result "0-1"]
[WhiteElo "1909"]
[BlackElo "2366"]
[PlyCount "112"]
[EventDate "2022.06.04"]
[EventType "team"]
[EventRounds "11"]
[EventCountry "NET"]
[WhiteTeam "Albanien"]
[BlackTeam "Kanada"]
[WhiteTeamCountry "ALB"]
[BlackTeamCountry "CAN"]

1. e4 c6 2. d4 d5 3. Nc3 dxe4 4. Nxe4 Nf6 5. Nxf6+ exf6 6. c3 Bd6 7. Bd3 O-O 8.
Qc2 Re8+ 9. Ne2 h5 10. Be3 Nd7 11. O-O-O Nf8 12. Kb1 Be6 13. c4 Rc8 14. Nc3 a6
15. Ne4 b5 16. Rhe1 bxc4 17. Be2 Bf5 18. f3 Bg6 19. Ka1 Bxh2 20. Bf2 Bf4 21.
Bxc4 Qa5 22. g3 Bb8 23. Qc3 Qxc3 24. Nxc3 a5 25. Rc1 Ne6 26. Red1 Ng5 27. f4
Ne4 28. Nxe4 Bxe4 29. Bb3 Bd6 30. a3 g5 31. Be1 gxf4 32. gxf4 Bxf4 33. Bd2 Bxd2
34. Rxd2 Kg7 35. Rg1+ Bg6 36. Rh2 Rh8 37. Rh4 Rce8 38. Ba4 Re6 39. Bb3 Rd6 40.
Bc2 Kh6 41. Bd1 Rhd8 42. Bf3 Rxd4 43. Rhh1 c5 44. Rc1 c4 45. Be2 Rc8 46. Rc3
Rc5 47. b4 axb4 48. axb4 Rb5 49. Bxc4 Rxb4 50. Ba2 Ra4 51. Rh2 Rdb4 52. Rh1 Ra5
53. Rf3 Be4 54. Rxf6+ Kg5 55. Rg6+ Kxg6 56. Rg1+ Rg5 0-1

[Event "Francophonie-Tch rapid Online"]
[Site "Tornelo"]
[Date "2022.06.04"]
[Round "8.1"]
[White "Rodrigue-Lemieux, Shawn"]
[Black "Meddeb, Anis"]
[Result "1-0"]
[WhiteElo "2366"]
[BlackElo "2121"]
[PlyCount "77"]
[EventDate "2022.06.04"]
[EventType "team"]
[EventRounds "11"]
[EventCountry "NET"]
[WhiteTeam "Kanada"]
[BlackTeam "Tunesien"]
[WhiteTeamCountry "CAN"]
[BlackTeamCountry "TUN"]

1. c4 c5 2. g3 Nc6 3. Bg2 g6 4. Nc3 Bg7 5. Nf3 d6 6. O-O e5 7. Ne1 f5 8. Nc2
Nf6 9. a3 O-O 10. b4 e4 11. Rb1 b6 12. d3 exd3 13. Bxc6 dxc2 14. Qxc2 Rb8 15.
bxc5 dxc5 16. Bf4 Rb7 17. Rbd1 Qe7 18. Bd6 Qe6 19. Bxb7 Bxb7 20. Bxf8 Bxf8 21.
Qd3 f4 22. Nd5 Nxd5 23. cxd5 Qd6 24. Qe4 Bc8 25. Qxf4 Qxf4 26. gxf4 Bd6 27. e3
c4 28. a4 Bf5 29. Rd4 c3 30. Rc1 Bc5 31. Rc4 Kf7 32. Rxc5 bxc5 33. Rxc3 Be4 34.
Rxc5 Kf6 35. d6 Bf5 36. e4 Bh3 37. Re5 h6 38. f5 Bxf5 39. exf5 1-0

[Event "Francophonie-Tch rapid Online"]
[Site "Tornelo"]
[Date "2022.06.04"]
[Round "9.1"]
[White "El Mahmoud, Abdulaziz"]
[Black "Rodrigue-Lemieux, Shawn"]
[Result "0-1"]
[WhiteElo "2054"]
[BlackElo "2366"]
[PlyCount "52"]
[EventDate "2022.06.04"]
[EventType "team"]
[EventRounds "11"]
[EventCountry "NET"]
[WhiteTeam "Libanon"]
[BlackTeam "Kanada"]
[WhiteTeamCountry "LBN"]
[BlackTeamCountry "CAN"]

1. c4 e6 2. g3 Nf6 3. Bg2 d5 4. Nf3 Be7 5. O-O O-O 6. b3 d4 7. Bb2 c5 8. e3 Nc6
9. exd4 cxd4 10. Re1 Re8 11. d3 Bc5 12. Na3 e5 13. Nc2 a5 14. a3 Bf5 15. b4
axb4 16. axb4 Rxa1 17. Bxa1 Nxb4 18. Nxb4 Bxb4 19. Rxe5 Rxe5 20. Nxe5 Bc3 21.
Qc1 Qa5 22. Bxc3 dxc3 23. f4 Qb6+ 24. Kf1 Ng4 25. Nxg4 Bxd3+ 26. Ke1 Qg1+ 0-1